|
|
|
|
| LEADER |
00808naa a2200205 i 4500 |
| 001 |
acta58834 |
| 005 |
20260224081030.0 |
| 008 |
190625s2013 hu o 100 hun d |
| 020 |
|
|
|a 978-963-306-189-3
|
| 040 |
|
|
|a SZTE Egyetemi Kiadványok Repozitórium
|b hun
|
| 041 |
|
|
|a hun
|
| 100 |
1 |
|
|a Nemeskey Dávid Márk
|
| 245 |
1 |
0 |
|a Automatikus korpuszépítés tulajdonnév-felismerés céljára
|h [elektronikus dokumentum] /
|c Nemeskey Dávid Márk
|
| 260 |
|
|
|c 2013
|
| 300 |
|
|
|a 106-117
|
| 490 |
0 |
|
|a Magyar Számítógépes Nyelvészeti Konferencia
|v 9
|
| 695 |
|
|
|a Nyelvészet - számítógép alkalmazása
|
| 700 |
0 |
1 |
|a Simon Eszter
|e aut
|
| 710 |
|
|
|a Magyar Számítógépes Nyelvészeti Konferencia (9.) (2013) (Szeged)
|
| 856 |
4 |
0 |
|u http://acta.bibl.u-szeged.hu/58834/1/msznykonf_009_106-117.pdf
|z Dokumentum-elérés
|